[Event "Bratislava exe op"]
[Site "Bratislava"]
[Date "2023.09.15"]
[Round "1"]
[White "Jancura, Andrej"]
[Black "Baidetsky, Valentin"]
[Result "0-1"]
[WhiteElo "1845"]
[BlackElo "2485"]
[PlyCount "90"]
[EventDate "2023.09.15"]
[EventType "swiss"]
[EventRounds "9"]
[EventCountry "SVK"]
[SourceTitle "EXT 2024"]
[Source "ChessBase"]
[SourceDate "2023.10.10"]
[SourceVersion "1"]
[SourceVersionDate "2023.10.10"]
[SourceQuality "1"]

1. e4 c6 2. Nc3 d5 3. d4 dxe4 4. Nxe4 Nf6 5. Nxf6+ exf6 6. Nf3 Bd6 7. Qe2+ Be6 8. g3 0-0 9. Bg2 Re8 10. Be3 Nd7 11. 0-0 Nb6 12. Rfe1 Qd7 13. b3 Bb4 14. Red1 Nd5 15. Qf1 Bf5 16. Rd3 Bxd3 17. Qxd3 Qe7 18. Bd2 Qe2 19. Bf1 Qxd3 20. Bxd3 Bxd2 21. Nxd2 Rad8 22. a3 Nc3 23. Nf3 g5 24. g4 h5 25. h3 hxg4 26. hxg4 Ne2+ 27. Kf1 Nxd4 28. Nxd4 Rxd4 29. Bf5 Kg7 30. Rc1 a5 31. f3 Rd2 32. Be4 Rh8 33. Kg1 Rhh2 34. Re1 Rdg2+ 35. Kf1 Rh1+ 36. Kxg2 Rxe1 37. a4 Rc1 38. Kf2 b5 39. Ke3 bxa4 40. bxa4 f5 41. gxf5 c5 42. Kd3 Kf6 43. Kc4 Ke5 44. Kb5 g4 45. Kxa5 g3 0-1

[Event "Tatry op"]
[Site "Tatranske Zruby"]
[Date "2014.10.04"]
[Round "8"]
[White "Tropp, Frantisek"]
[Black "Jancura, Andrej"]
[Result "1-0"]
[WhiteElo "2101"]
[BlackElo "1862"]
[PlyCount "57"]
[EventDate "2014.09.28"]
[EventType "swiss"]
[EventRounds "9"]
[EventCountry "SVK"]
[SourceTitle "CBM 162 Extra"]
[Source "ChessBase"]
[SourceDate "2014.10.17"]
[SourceVersion "1"]
[SourceVersionDate "2014.10.17"]
[SourceQuality "1"]

1. e4 d5 2. exd5 Qxd5 3. Nc3 Qd6 4. Nf3 Nf6 5. d3 c6 6. h3 g6 7. g3 Bg7 8. Bg2 0-0 9. 0-0 e5 10. Re1 Nbd7 11. Bg5 Re8 12. Qd2 Nf8 13. Bxf6 Qxf6 14. d4 Bxh3 15. Ne4 Qf5 16. Nd6 Qh5 17. Nxe8 Rxe8 18. dxe5 Bh6 19. Qd4 Bg4 20. Nh2 Bc8 21. Bf3 Qg5 22. Rad1 Ne6 23. Qh4 Qxh4 24. gxh4 Bf4 25. Ng4 Kg7 26. b4 h5 27. Nf6 Re7 28. c4 c5 29. bxc5 1-0

[Event "Bratislava Slovan op"]
[Site "Bratislava"]
[Date "2014.05.03"]
[Round "9"]
[White "Jancura, Andrej"]
[Black "Vlkovic, Pavol"]
[Result "1-0"]
[WhiteElo "1881"]
[BlackElo "1825"]
[PlyCount "151"]
[EventDate "2014.04.26"]
[EventType "swiss"]
[EventRounds "9"]
[EventCountry "SVK"]
[SourceTitle "CBM 160 Extra"]
[Source "ChessBase"]
[SourceDate "2014.07.01"]
[SourceVersion "1"]
[SourceVersionDate "2014.07.01"]
[SourceQuality "1"]

1. d4 g6 2. g3 Bg7 3. Bg2 d6 4. e4 Nf6 5. Ne2 0-0 6. 0-0 c6 7. Nbc3 Nbd7 8. Qd3 e5 9. b3 exd4 10. Qxd4 Qe7 11. Rb1 Ne5 12. Rd1 Rd8 13. Ba3 Ne8 14. Qd2 Qf6 15. Qf4 Qe7 16. h3 Qc7 17. Qe3 f5 18. f3 Nf7 19. Kh2 Nf6 20. Re1 Re8 21. Qd3 a6 22. Rbd1 c5 23. Bc1 Nh5 24. Nd5 Qd8 25. f4 Nf6 26. Nec3 Be6 27. Nxf6+ Bxf6 28. Nd5 Bd4 29. c3 Bg7 30. exf5 Bxf5 31. Qf3 Rb8 32. Re3 Qa5 33. Ne7+ Kf8 34. Nxf5 gxf5 35. Rxe8+ Rxe8 36. Qd3 Qxa2 37. c4 Re2 38. Rd2 Rxd2 39. Bxd2 Qa1 40. Be3 b6 41. g4 fxg4 42. hxg4 Qf6 43. g5 Qc3 44. Qxc3 Bxc3 45. Be4 Kg7 46. Kh3 b5 47. Kg4 bxc4 48. bxc4 a5 49. Kf5 a4 50. Bc1 h5 51. gxh6+ Nxh6+ 52. Ke6 Nf7 53. Bc2 a3 54. Bxa3 Bd2 55. Bb2+ Kf8 56. f5 Bf4 57. Be4 Ng5+ 58. Kd5 Nf7 59. Bg2 Bg3 60. Bc3 Nh6 61. Ke6 Ng4 62. Bd5 Ne3 63. Ba5 Nxd5 64. Kxd5 Kf7 65. Bc7 Kf6 66. Bxd6 Be1 67. Ke4 Bb4 68. Be5+ Ke7 69. Kd5 Kf7 70. Kd6 Ba3 71. Bc3 Bb4 72. Bb2 Kf8 73. Ke6 Bd2 74. Be5 Be3 75. f6 Bd4 76. Bd6+ 1-0

[Event "Bratislava Slovan op"]
[Site "Bratislava"]
[Date "2014.04.29"]
[Round "5"]
[White "Jancura, Andrej"]
[Black "Kebis, Milos"]
[Result "0-1"]
[WhiteElo "1881"]
[BlackElo "1971"]
[PlyCount "114"]
[EventDate "2014.04.26"]
[EventType "swiss"]
[EventRounds "9"]
[EventCountry "SVK"]
[SourceTitle "CBM 160 Extra"]
[Source "ChessBase"]
[SourceDate "2014.07.01"]
[SourceVersion "1"]
[SourceVersionDate "2014.07.01"]
[SourceQuality "1"]

1. Nf3 Nf6 2. g3 d5 3. d4 c5 4. c3 e6 5. Bg2 Nc6 6. e3 Be7 7. Nbd2 0-0 8. 0-0 Qc7 9. dxc5 Bxc5 10. b4 Be7 11. Bb2 b6 12. Rc1 Ba6 13. Re1 Bd3 14. a3 Rac8 15. c4 Qb8 16. cxd5 exd5 17. Rc3 Bf5 18. Qb3 Qd6 19. Rec1 Ne4 20. Rd3 Rfd8 21. Nxe4 Bxe4 22. Rd2 Bf6 23. Rcd1 Qe7 24. Bd4 Bxd4 25. Nxd4 Ne5 26. f3 Bg6 27. Bh3 Rc7 28. Kf2 Nc4 29. Re2 h5 30. Qa4 Ne5 31. Qb3 Qf6 32. f4 Be4 33. Bg2 Rdc8 34. Bxe4 dxe4 35. Qd5 Ng4+ 36. Kg2 Re8 37. Qxh5 Nh6 38. Qg5 Qxg5 39. fxg5 Ng4 40. Nb5 Rce7 41. Rd4 Re5 42. Nd6 Rd8 43. h3 Re6 44. Nxe4 Nxe3+ 45. Rxe3 Rxd4 46. Kf3 Re5 47. h4 Kh7 48. Kf4 Red5 49. Rc3 Rd7 50. h5 Re7 51. Re3 a5 52. bxa5 bxa5 53. Kf3 Red7 54. Ke2 Rb7 55. Nc5 Rb5 56. Ne4 a4 57. Nd2 Rxg5 0-1

[Event "Bratislava Slovan op"]
[Site "Bratislava"]
[Date "2014.04.26"]
[Round "1"]
[White "Privara, Igor"]
[Black "Jancura, Andrej"]
[Result "1-0"]
[WhiteElo "2271"]
[BlackElo "1881"]
[PlyCount "103"]
[EventDate "2014.04.26"]
[EventType "swiss"]
[EventRounds "9"]
[EventCountry "SVK"]
[SourceTitle "CBM 160 Extra"]
[Source "ChessBase"]
[SourceDate "2014.07.01"]
[SourceVersion "1"]
[SourceVersionDate "2014.07.01"]
[SourceQuality "1"]

1. e4 d5 2. exd5 Qxd5 3. Nc3 Qd6 4. d4 c6 5. g3 Nf6 6. Bg2 Bg4 7. Qd3 Qe6+ 8. Nge2 Bf5 9. Qd1 Bh3 10. d5 Nxd5 11. Nxd5 cxd5 12. Bxd5 Qd7 13. Nf4 Bf5 14. 0-0 Nc6 15. Qe2 0-0-0 16. Bxf7 e5 17. Bh5 g6 18. Bf3 Nd4 19. Qc4+ Kb8 20. Bg2 Rc8 21. Qd5 Qxd5 22. Nxd5 Nxc2 23. Rb1 Nd4 24. Ra1 Nc2 25. Bg5 Nxa1 26. Bf6 Bd6 27. Bxh8 Rxh8 28. Rxa1 Rc8 29. Ne3 Be6 30. Rd1 Bc5 31. Bd5 Bxd5 32. Nxd5 Bd4 33. Rd2 Rc1+ 34. Kg2 Rb1 35. b3 Kc8 36. Nf6 h6 37. Ng8 Kd7 38. Nxh6 Kc6 39. Ng4 Kb5 40. Nxe5 Bc3 41. Rd5+ Kb4 42. Nd3+ Ka3 43. Rc5 Bd2 44. Rc2 Ba5 45. h4 Ra1 46. Nc1 Bd8 47. f4 Bf6 48. g4 Bxh4 49. g5 Be1 50. f5 Bb4 51. fxg6 Bf8 52. Kf3 1-0

[Event "SVK-ch op"]
[Site "Banska Stiavnica"]
[Date "2013.07.09"]
[Round "4"]
[White "Dolnak, Michal"]
[Black "Jancura, Andrej"]
[Result "1/2-1/2"]
[WhiteElo "2167"]
[BlackElo "1885"]
[PlyCount "100"]
[EventDate "2013.07.06"]
[EventType "swiss"]
[EventRounds "9"]
[EventCountry "SVK"]
[SourceTitle "CBM 155 Extra"]
[Source "ChessBase"]
[SourceDate "2013.08.26"]
[SourceVersion "1"]
[SourceVersionDate "2013.08.26"]
[SourceQuality "1"]

1. d4 d5 2. c4 c6 3. Nf3 Nf6 4. Nc3 dxc4 5. a4 Bf5 6. e3 e6 7. Bxc4 Bb4 8. 0-0 Nbd7 9. h3 0-0 10. Nh4 Bg6 11. Nxg6 hxg6 12. Qb3 Bxc3 13. bxc3 Qc7 14. Rb1 Rab8 15. Qa2 Rfd8 16. Bd2 c5 17. Rfc1 Rbc8 18. Be2 Ne4 19. Be1 b6 20. Ba6 Ra8 21. Rd1 Nd6 22. Be2 Rac8 23. c4 Nf6 24. Kh1 Nd7 25. a5 Rb8 26. Ra1 Nf5 27. d5 e5 28. Bg4 Nd6 29. Bxd7 Qxd7 30. axb6 axb6 31. Qc2 b5 32. cxb5 Rxb5 33. Bc3 f6 34. Qxg6 Qf5 35. Qxf5 Nxf5 36. Ra5 Nd6 37. Rxb5 Nxb5 38. Ba5 Rd7 39. e4 Nd6 40. f3 Rb7 41. Kg1 Kf7 42. Kf1 Ke7 43. Rc1 Rb5 44. Bd2 f5 45. Be3 fxe4 46. Rxc5 exf3 47. gxf3 Rb1+ 48. Rc1 Rxc1+ 49. Bxc1 Nc4 50. Ke2 Kd6 1/2-1/2

[Event "SVK-ch op"]
[Site "Banska Stiavnica"]
[Date "2013.07.07"]
[Round "2"]
[White "Jancura, Andrej"]
[Black "Novotny, Michal"]
[Result "1/2-1/2"]
[WhiteElo "1885"]
[BlackElo "1984"]
[PlyCount "59"]
[EventDate "2013.07.06"]
[EventType "swiss"]
[EventRounds "9"]
[EventCountry "SVK"]
[SourceTitle "CBM 155 Extra"]
[Source "ChessBase"]
[SourceDate "2013.08.26"]
[SourceVersion "1"]
[SourceVersionDate "2013.08.26"]
[SourceQuality "1"]

1. Nf3 d5 2. d4 Nf6 3. g3 e6 4. Bg2 Nbd7 5. 0-0 c5 6. c4 Nb6 7. cxd5 exd5 8. Nc3 Be7 9. Bg5 c4 10. b3 0-0 11. Rc1 Ba3 12. Rc2 Bf5 13. e4 dxe4 14. Nh4 cxb3 15. axb3 Be6 16. Ra2 Be7 17. Nxe4 Nbd5 18. Nc5 Bc8 19. Qf3 Bg4 20. Qd3 Nb4 21. Qb1 Nxa2 22. Qxa2 Qxd4 23. Nxb7 Be6 24. Na5 Bd5 25. Nf5 Qe5 26. Nxe7+ Qxe7 27. Bxf6 Qxf6 28. Bxd5 Rad8 29. Bg2 Qc3 30. Nc4 1/2-1/2

[Event "Bratislava Slovan op"]
[Site "Bratislava"]
[Date "2013.04.30"]
[Round "5"]
[White "Mandak, Miroslav"]
[Black "Jancura, Andrej"]
[Result "1/2-1/2"]
[WhiteElo "1982"]
[BlackElo "1845"]
[PlyCount "60"]
[EventDate "2013.04.27"]
[EventType "swiss"]
[EventRounds "9"]
[EventCountry "SVK"]
[SourceTitle "EXT 2023"]
[Source "ChessBase"]
[SourceDate "2022.10.05"]
[SourceVersion "1"]
[SourceVersionDate "2022.10.05"]
[SourceQuality "1"]

1. e4 e5 2. Nf3 Nc6 3. Bc4 Be7 4. Nc3 d6 5. h3 Nf6 6. d4 0-0 7. Be3 Bd7 8. 0-0 a6 9. a4 exd4 10. Nxd4 Nxd4 11. Bxd4 Bc6 12. Bd3 Nd7 13. f4 Bf6 14. Bxf6 Qxf6 15. Kh2 Nc5 16. Qe1 Nxd3 17. cxd3 Qd4 18. Qd2 f5 19. Ne2 Qf6 20. Ng3 g6 21. b4 Rae8 22. Rac1 Re7 23. Rce1 Rfe8 24. Rc1 Kh8 25. exf5 gxf5 26. Nh5 Qd4 27. Rc4 Re2 28. Qxe2 Rxe2 29. Rxd4 Rxg2+ 30. Kh1 Re2+ 1/2-1/2

[Event "Tatry op"]
[Site "Tatranske Zruby"]
[Date "2011.09.28"]
[Round "5"]
[White "Frink, Ferenc"]
[Black "Jancura, Andrej"]
[Result "1-0"]
[WhiteElo "2250"]
[BlackElo "1893"]
[PlyCount "51"]
[EventDate "2011.09.25"]
[EventType "swiss"]
[EventRounds "9"]
[EventCountry "SVK"]
[SourceTitle "CBM 144 Extra"]
[Source "ChessBase"]
[SourceDate "2011.10.28"]
[SourceVersion "1"]
[SourceVersionDate "2011.10.28"]
[SourceQuality "1"]

1. e4 e5 2. f4 exf4 3. Nf3 d6 4. Bc4 h6 5. d4 g5 6. 0-0 Bg7 7. g3 g4 8. Nh4 f3 9. c3 Ne7 10. Nd2 Be6 11. Qb3 Bxc4 12. Nxc4 Qc8 13. Bf4 Nbc6 14. Bxd6 0-0 15. Bxe7 Nxe7 16. Ne3 b6 17. Rae1 Qd7 18. Nhf5 Nxf5 19. Nxf5 Rae8 20. d5 Rxe4 21. Nxh6+ Bxh6 22. Rxe4 Kg7 23. Qc4 f5 24. Re6 Bg5 25. Rfe1 Kg8 26. Rg6+ 1-0

[Event "Tatry op"]
[Site "Tatranske Zruby"]
[Date "2010.10.04"]
[Round "3"]
[White "Jancura, Andrej"]
[Black "Nemcova, Vaclava"]
[Result "0-1"]
[WhiteElo "1945"]
[BlackElo "2024"]
[PlyCount "60"]
[EventDate "2010.10.02"]
[EventType "swiss"]
[EventRounds "9"]
[EventCountry "SVK"]
[SourceTitle "CBM 138 Extra"]
[Source "ChessBase"]
[SourceDate "2010.10.29"]
[SourceVersion "1"]
[SourceVersionDate "2010.10.29"]
[SourceQuality "1"]

1. c4 e5 2. Nc3 d6 3. g3 g6 4. Nf3 Bg7 5. d4 Nc6 6. d5 Nce7 7. e4 Nf6 8. Bg2 0-0 9. 0-0 Bd7 10. a4 a5 11. c5 Ne8 12. Be3 dxc5 13. Bxc5 Nd6 14. Bxd6 cxd6 15. Qb3 f5 16. Ng5 Rf6 17. f4 Kh8 18. fxe5 dxe5 19. d6 Nc8 20. Nf7+ Rxf7 21. Qxf7 Nxd6 22. Qb3 Bc6 23. Rad1 Qe7 24. Qa3 Bf8 25. exf5 Bxg2 26. Kxg2 Qc7 27. fxg6 Nf5 28. Nd5 Qc2+ 29. Rf2 Qxd1 30. Qa2 Qxd5+ 0-1

[Event "Bratislava Doprastav op"]
[Site "Bratislava"]
[Date "2010.07.03"]
[Round "2"]
[White "Jancura, Andrej"]
[Black "Banas, Jan"]
[Result "0-1"]
[WhiteElo "1956"]
[BlackElo "2312"]
[PlyCount "98"]
[EventDate "2010.07.02"]
[EventType "swiss"]
[EventRounds "9"]
[EventCountry "SVK"]
[SourceTitle "EXT 2012"]
[Source "ChessBase"]
[SourceDate "2011.11.24"]
[SourceVersion "1"]
[SourceVersionDate "2011.11.24"]
[SourceQuality "1"]

1. d4 Nf6 2. c4 g6 3. Nc3 d5 4. cxd5 Nxd5 5. e4 Nxc3 6. bxc3 Bg7 7. Be3 c5 8. Nf3 0-0 9. Rb1 Nd7 10. Be2 Nf6 11. Bd3 Qc7 12. 0-0 b6 13. Qd2 Bb7 14. d5 e5 15. h3 Ne8 16. Bh6 f6 17. c4 Nd6 18. Rfe1 Ba6 19. Rbc1 Rae8 20. Nh2 f5 21. f3 Bc8 22. Be3 Bf6 23. Bf2 Rf7 24. a4 a5 25. Nf1 f4 26. Nh2 h5 27. Rb1 Rg7 28. Rb2 Bd8 29. Reb1 Qa7 30. Bf1 g5 31. g4 fxg3 32. Bxg3 g4 33. fxg4 hxg4 34. hxg4 Nxe4 35. Qe3 Bf5 36. Re1 Bg5 37. Qf3 Nxg3 38. gxf5 Nxf5 39. Rg2 Rf8 40. Qh5 Be3+ 41. Kh1 Rxg2 42. Kxg2 Qg7+ 43. Qg4 Bg5 44. Kh1 Bf4 45. Qxg7+ Kxg7 46. Bd3 Ne3 47. Rg1+ Kf7 48. Rb1 Rh8 49. Rb2 Ng4 0-1

[Event "Bratislava Doprastav op"]
[Site "Bratislava"]
[Date "2009.07.09"]
[Round "7"]
[White "Sturc, Jan"]
[Black "Jancura, Andrej"]
[Result "1-0"]
[WhiteElo "1991"]
[BlackElo "1910"]
[PlyCount "27"]
[EventDate "2009.07.04"]
[EventType "swiss"]
[EventRounds "9"]
[EventCountry "SVK"]
[SourceTitle "EXT 2015"]
[Source "ChessBase"]
[SourceDate "2014.11.20"]
[SourceVersion "1"]
[SourceVersionDate "2014.11.20"]
[SourceQuality "1"]

1. e4 c5 2. Nf3 d6 3. d4 cxd4 4. Nxd4 Nf6 5. Nc3 a6 6. h3 g6 7. Be3 Bg7 8. Qd2 Nc6 9. 0-0-0 0-0 10. g4 Nxd4 11. Bxd4 e5 12. Be3 Be6 13. Qxd6 Qa5 14. Bb6 1-0